| 000 | 01025nam a2200313Ia 4500 | ||
|---|---|---|---|
| 001 | A6463 | ||
| 003 | IT-RoPAU | ||
| 008 | 130308s9999 xx 000 0 und d | ||
| 040 | _aIT-RoPAU | ||
| 040 | _cIT-RoPAU | ||
| 041 | _aINGLESE | ||
| 100 | _aAA.VV. | ||
| 100 | _gCodice Aut. SPICS: 12000 | ||
| 245 | _aBroadcast Talk | ||
| 245 | _bBroadcast Talk | ||
| 250 | _a1a ed. | ||
| 260 | _aLONDON | ||
| 260 | _bSage Publications B.H. | ||
| 260 | _c1991 [1° Ed.:1991 - Ed.Ling.Originale:1991] | ||
| 300 | _a"240 p. (prefazione: 8; testo: 232 [pagine: 0-0])" | ||
| 500 | _aConversazione nelle Trasmissioni Radio Televisive. contributi di Autori vari con brevi Note biografiche Sui singoli Autori. importanza della Conversazione e della Sua Analisi per Capire Il Processo della Comunicazione radiofonica e Televisiva. | ||
| 650 | _aGENERI RADIOFONICI | ||
| 650 | _eCodice materia Spics: 6910 | ||
| 700 | _aScannell Paddy | ||
| 700 | _gCodice Aut. SPICS: 17304 | ||
| 942 | _cBK | ||
| 957 | _71 | ||
| 999 |
_c93783 _d93783 |
||
| 999 | _g1 | ||